[Event "N1 Reykjavik Open 2014"]
[Site "Reykjavik, Iceland"]
[Date "2014.03.10"]
[Round "8.1"]
[White "Amin, Bassem"]
[Black "Li, Chao"]
[Result "0-1"]
[WhiteElo "2657"]
[BlackElo "2700"]
[LiveChessVersion "1.4.2"]

1. Nf3 
    {[%clk 1:30:58]}
1. ... Nf6 
    {[%clk 1:30:29]}
2. g3 
    {[%clk 1:31:13]}
2. ... g6 
    {[%clk 1:30:39]}
3. b3 
    {[%clk 1:29:23]}
3. ... Bg7 
    {[%clk 1:30:18]}
4. Bb2 
    {[%clk 1:29:44]}
4. ... c5 
    {[%clk 1:30:01]}
5. c4 
    {[%clk 1:29:27]}
5. ... d6 
    {[%clk 1:29:59]}
6. Bg2 
    {[%clk 1:28:49]}
6. ... e5 
    {[%clk 1:30:13]}
7. O-O 
    {[%clk 1:27:49]}
7. ... O-O 
    {[%clk 1:30:37]}
8. d3 
    {[%clk 1:24:15]}
8. ... Nc6 
    {[%clk 1:30:22]}
9. Nc3 
    {[%clk 1:24:31]}
9. ... h6 
    {[%clk 1:28:46]}
10. Ne1 
    {[%clk 1:21:19]}
10. ... Be6 
    {[%clk 1:27:26]}
11. Nd5 
    {[%clk 1:20:59]}
11. ... Qd7 
    {[%clk 1:22:24]}
12. Nc2 
    {[%clk 1:20:25]}
12. ... Bh3 
    {[%clk 1:20:28]}
13. Nxf6+ 
    {[%clk 1:11:27]}
13. ... Bxf6 
    {[%clk 1:20:51]}
14. Qd2 
    {[%clk 0:58:05]}
14. ... Bxg2 
    {[%clk 1:19:30]}
15. Kxg2 
    {[%clk 0:58:33]}
15. ... Bg7 
    {[%clk 1:19:47]}
16. b4 
    {[%clk 0:57:30]}
16. ... b6 
    {[%clk 1:19:43]}
17. e4 
    {[%clk 0:49:59]}
17. ... f5 
    {[%clk 1:19:35]}
18. f3 
    {[%clk 0:50:15]}
18. ... f4 
    {[%clk 1:17:53]}
19. g4 
    {[%clk 0:50:10]}
19. ... Bf6 
    {[%clk 1:17:38]}
20. Bc3 
    {[%clk 0:47:11]}
20. ... h5 
    {[%clk 1:09:22]}
21. h3 
    {[%clk 0:35:00]}
21. ... Kf7 
    {[%clk 1:09:31]}
22. b5 
    {[%clk 0:31:38]}
22. ... Ne7 
    {[%clk 1:08:03]}
23. Qf2 
    {[%clk 0:31:25]}
23. ... Rh8 
    {[%clk 1:07:23]}
24. Rh1 
    {[%clk 0:31:00]}
24. ... Rh7 
    {[%clk 1:06:27]}
25. a4 
    {[%clk 0:31:04]}
25. ... Rah8 
    {[%clk 1:03:48]}
26. Rag1 
    {[%clk 0:28:51]}
26. ... Rh6 
    {[%clk 0:42:34]}
27. a5 
    {[%clk 0:25:26]}
27. ... R8h7 
    {[%clk 0:37:13]}
28. Be1 
    {[%clk 0:21:42]}
28. ... Qc8 
    {[%clk 0:36:24]}
29. a6 
    {[%clk 0:19:48]}
29. ... hxg4 
    {[%clk 0:24:11]}
30. hxg4 
    {[%clk 0:19:59]}
30. ... Qh8 
    {[%clk 0:24:29]}
31. Rxh6 
    {[%clk 0:19:32]}
31. ... Rxh6 
    {[%clk 0:24:54]}
32. Kf1 
    {[%clk 0:18:31]}
32. ... Rh2 
    {[%clk 0:25:01]}
33. Qg2 
    {[%clk 0:14:42]}
33. ... d5 
    {[%clk 0:20:16]}
34. cxd5 
    {[%clk 0:11:19]}
34. ... Rxg2 
    {[%clk 0:19:15]}
35. Kxg2 
    {[%clk 0:11:48]}
35. ... Nxd5 
    {[%clk 0:19:33]}
36. exd5 
    {[%clk 0:07:55]}
36. ... Qd8 
    {[%clk 0:19:56]}
0-1

[Event "N1 Reykjavik Open 2014"]
[Site "Reykjavik, Iceland"]
[Date "2014.03.10"]
[Round "8.2"]
[White "Jones, Gawain C B"]
[Black "Naiditsch, Arkadij"]
[Result "1/2-1/2"]
[WhiteElo "2651"]
[BlackElo "2706"]
[LiveChessVersion "1.4.2"]

1. c4 
    {[%clk 1:30:53]}
1. ... e5 
    {[%clk 1:30:44]}
2. Nc3 
    {[%clk 1:31:07]}
2. ... Nf6 
    {[%clk 1:31:02]}
3. g3 
    {[%clk 1:31:30]}
3. ... Bb4 
    {[%clk 1:31:06]}
4. Nf3 
    {[%clk 1:31:12]}
4. ... Nc6 
    {[%clk 1:28:07]}
5. Bg2 
    {[%clk 1:28:42]}
5. ... O-O 
    {[%clk 1:28:15]}
6. O-O 
    {[%clk 1:28:20]}
6. ... d6 
    {[%clk 1:28:37]}
7. d3 
    {[%clk 1:26:56]}
7. ... h6 
    {[%clk 1:28:53]}
8. Bd2 
    {[%clk 1:14:42]}
8. ... a6 
    {[%clk 1:28:45]}
9. Nd5 
    {[%clk 1:06:46]}
9. ... Bc5 
    {[%clk 1:17:37]}
10. Bc3 
    {[%clk 0:58:02]}
10. ... Nxd5 
    {[%clk 1:12:27]}
11. cxd5 
    {[%clk 0:57:07]}
11. ... Nd4 
    {[%clk 1:12:46]}
12. e3 
    {[%clk 0:54:23]}
12. ... Nxf3+ 
    {[%clk 1:08:42]}
13. Qxf3 
    {[%clk 0:54:24]}
13. ... f5 
    {[%clk 1:00:51]}
14. Qh5 
    {[%clk 0:43:14]}
14. ... Bd7 
    {[%clk 0:59:09]}
15. Kh1 
    {[%clk 0:31:16]}
15. ... a5 
    {[%clk 0:47:28]}
16. f4 
    {[%clk 0:28:22]}
16. ... Qe7 
    {[%clk 0:43:38]}
17. e4 
    {[%clk 0:25:07]}
17. ... fxe4 
    {[%clk 0:19:21]}
18. Bxe4 
    {[%clk 0:24:53]}
18. ... Qf7 
    {[%clk 0:17:03]}
19. Qxf7+ 
    {[%clk 0:24:53]}
19. ... Rxf7 
    {[%clk 0:17:25]}
20. fxe5 
    {[%clk 0:25:12]}
20. ... Rxf1+ 
    {[%clk 0:17:42]}
21. Rxf1 
    {[%clk 0:25:38]}
21. ... dxe5 
    {[%clk 0:18:02]}
22. Bxe5 
    {[%clk 0:25:11]}
22. ... Bd6 
    {[%clk 0:18:24]}
23. Bxd6 
    {[%clk 0:20:57]}
23. ... cxd6 
    {[%clk 0:18:48]}
24. Bg6 
    {[%clk 0:21:09]}
24. ... Bh3 
    {[%clk 0:15:03]}
25. Bf7+ 
    {[%clk 0:16:27]}
25. ... Kf8 
    {[%clk 0:09:31]}
26. Rf4 
    {[%clk 0:16:36]}
26. ... Ke7 
    {[%clk 0:08:50]}
27. Bg6 
    {[%clk 0:12:28]}
27. ... Rf8 
    {[%clk 0:08:29]}
28. Rxf8 
    {[%clk 0:12:10]}
28. ... Kxf8 
    {[%clk 0:08:52]}
29. Kg1 
    {[%clk 0:11:32]}
29. ... Ke7 
    {[%clk 0:09:16]}
30. Kf2 
    {[%clk 0:11:58]}
30. ... Kf6 
    {[%clk 0:09:33]}
31. Be4 
    {[%clk 0:12:17]}
31. ... Ke5 
    {[%clk 0:09:34]}
32. Ke3 
    {[%clk 0:12:30]}
32. ... g5 
    {[%clk 0:09:42]}
33. Bh7 
    {[%clk 0:08:51]}
33. ... b6 
    {[%clk 0:08:52]}
34. Bg8 
    {[%clk 0:03:56]}
34. ... Bf5 
    {[%clk 0:09:12]}
35. a3 
    {[%clk 0:03:40]}
35. ... Bg4 
    {[%clk 0:09:25]}
36. d4+ 
    {[%clk 0:02:30]}
36. ... Kf6 
    {[%clk 0:09:49]}
37. Kd3 
    {[%clk 0:02:10]}
37. ... Bc8 
    {[%clk 0:08:52]}
38. Kc3 
    {[%clk 0:01:24]}
38. ... Ke7 
    {[%clk 0:08:53]}
39. b4 
    {[%clk 0:01:08]}
39. ... axb4+ 
    {[%clk 0:08:37]}
40. Kxb4 
    {[%clk 0:31:25]}
40. ... Ba6 
    {[%clk 0:38:51]}
41. Be6 
    {[%clk 0:29:00]}
41. ... Kd8 
    {[%clk 0:38:35]}
42. Kc3 
    {[%clk 0:26:58]}
42. ... Ke7 
    {[%clk 0:35:21]}
43. Kb4 
    {[%clk 0:27:17]}
1/2-1/2

[Event "N1 Reykjavik Open 2014"]
[Site "Reykjavik, Iceland"]
[Date "2014.03.10"]
[Round "8.3"]
[White "Shoker, Samy"]
[Black "Rapport, Richard"]
[Result "0-1"]
[WhiteElo "2466"]
[BlackElo "2681"]
[LiveChessVersion "1.4.2"]

1. c4 
    {[%clk 1:30:57]}
1. ... f5 
    {[%clk 1:29:28]}
2. g3 
    {[%clk 1:31:10]}
2. ... Nf6 
    {[%clk 1:29:48]}
3. Bg2 
    {[%clk 1:31:32]}
3. ... d6 
    {[%clk 1:30:06]}
4. Nc3 
    {[%clk 1:31:40]}
4. ... e5 
    {[%clk 1:30:22]}
5. d3 
    {[%clk 1:31:51]}
5. ... Be7 
    {[%clk 1:30:45]}
6. Nf3 
    {[%clk 1:27:27]}
6. ... O-O 
    {[%clk 1:30:55]}
7. O-O 
    {[%clk 1:25:51]}
7. ... Qe8 
    {[%clk 1:31:16]}
8. b4 
    {[%clk 1:25:10]}
8. ... a5 
    {[%clk 1:31:37]}
9. bxa5 
    {[%clk 1:22:36]}
9. ... Nc6 
    {[%clk 1:31:24]}
10. Bd2 
    {[%clk 1:17:08]}
10. ... Bd8 
    {[%clk 1:30:26]}
11. e3 
    {[%clk 1:13:28]}
11. ... Kh8 
    {[%clk 1:29:12]}
12. Rb1 
    {[%clk 1:09:28]}
12. ... Rxa5 
    {[%clk 1:27:49]}
13. d4 
    {[%clk 1:07:16]}
13. ... Ra8 
    {[%clk 1:24:13]}
14. Bc1 
    {[%clk 0:48:19]}
14. ... Na5 
    {[%clk 1:14:25]}
15. Nd2 
    {[%clk 0:41:36]}
15. ... exd4 
    {[%clk 1:12:52]}
16. exd4 
    {[%clk 0:41:59]}
16. ... f4 
    {[%clk 1:13:18]}
17. c5 
    {[%clk 0:38:16]}
17. ... fxg3 
    {[%clk 1:12:26]}
18. hxg3 
    {[%clk 0:34:29]}
18. ... Bg4 
    {[%clk 1:12:09]}
19. Qe1 
    {[%clk 0:32:11]}
19. ... Qg6 
    {[%clk 1:11:43]}
20. Nf3 
    {[%clk 0:26:43]}
20. ... Nd7 
    {[%clk 1:06:15]}
21. Nh2 
    {[%clk 0:24:56]}
21. ... Bf5 
    {[%clk 1:06:39]}
22. Rb2 
    {[%clk 0:12:23]}
22. ... dxc5 
    {[%clk 1:04:38]}
23. Nd5 
    {[%clk 0:12:50]}
23. ... cxd4 
    {[%clk 1:03:32]}
24. Bd2 
    {[%clk 0:08:46]}
24. ... Nc4 
    {[%clk 1:03:12]}
25. Rxb7 
    {[%clk 0:09:11]}
25. ... Rxa2 
    {[%clk 1:02:43]}
26. Bb4 
    {[%clk 0:08:18]}
26. ... c5 
    {[%clk 1:02:54]}
27. Rxd7 
    {[%clk 0:06:51]}
27. ... Bxd7 
    {[%clk 1:03:14]}
28. Bxc5 
    {[%clk 0:07:19]}
28. ... Re8 
    {[%clk 1:03:30]}
29. Qb4 
    {[%clk 0:07:39]}
29. ... Ra4 
    {[%clk 1:03:35]}
30. Qb7 
    {[%clk 0:06:00]}
30. ... Bc6 
    {[%clk 1:03:42]}
31. Nf4 
    {[%clk 0:05:03]}
31. ... Bxb7 
    {[%clk 1:04:10]}
32. Nxg6+ 
    {[%clk 0:05:30]}
32. ... hxg6 
    {[%clk 1:04:34]}
33. Bxb7 
    {[%clk 0:05:59]}
33. ... Na5 
    {[%clk 1:04:40]}
34. Bg2 
    {[%clk 0:03:51]}
34. ... Rc4 
    {[%clk 1:03:46]}
35. Bd6 
    {[%clk 0:04:01]}
35. ... Bc7 
    {[%clk 1:04:06]}
36. Bxc7 
    {[%clk 0:03:23]}
36. ... Rxc7 
    {[%clk 1:04:34]}
37. Rd1 
    {[%clk 0:03:48]}
37. ... Nb3 
    {[%clk 1:03:16]}
38. Nf3 
    {[%clk 0:01:35]}
38. ... Rec8 39. Rd3 
    {[%clk 0:00:37]}
39. ... Rc3 
    {[%clk 1:03:47]}
40. Rxd4 
    {[%clk 0:31:05]}
40. ... Nxd4 
    {[%clk 1:34:02]}
41. Nxd4 
    {[%clk 0:31:33]}
41. ... Rd3 
    {[%clk 1:33:55]}
42. Nf3 
    {[%clk 0:27:39]}
42. ... Rd1+ 
    {[%clk 1:33:57]}
43. Bf1 
    {[%clk 0:27:48]}
43. ... Rcc1 
    {[%clk 1:34:17]}
44. Nh2 
    {[%clk 0:28:14]}
44. ... g5 
    {[%clk 1:34:35]}
45. Kg2 
    {[%clk 0:28:35]}
45. ... g4 
    {[%clk 1:34:59]}
46. Kg1 
    {[%clk 0:28:33]}
46. ... Kg8 
    {[%clk 1:35:24]}
47. Kg2 
    {[%clk 0:28:58]}
47. ... Kf8 
    {[%clk 1:35:51]}
48. Kg1 
    {[%clk 0:29:20]}
48. ... Ke7 
    {[%clk 1:36:16]}
49. Kg2 
    {[%clk 0:29:36]}
49. ... Kd6 
    {[%clk 1:36:40]}
50. Kg1 
    {[%clk 0:29:48]}
50. ... Kc5 
    {[%clk 1:37:06]}
51. Kg2 
    {[%clk 0:30:12]}
51. ... Kb4 
    {[%clk 1:37:31]}
52. Kg1 
    {[%clk 0:30:32]}
52. ... Kc3 
    {[%clk 1:37:53]}
53. Kg2 
    {[%clk 0:30:58]}
53. ... Kd2 
    {[%clk 1:37:28]}
54. Kg1 
    {[%clk 0:31:11]}
54. ... Rxf1+ 0-1

[Event "N1 Reykjavik Open 2014"]
[Site "Reykjavik, Iceland"]
[Date "2014.03.10"]
[Round "8.4"]
[White "Kobalia, Mikhail"]
[Black "Ezat, Mohamed"]
[Result "1/2-1/2"]
[WhiteElo "2646"]
[BlackElo "2439"]
[LiveChessVersion "1.4.2"]

1. e4 
    {[%clk 1:30:56]}
1. ... c6 
    {[%clk 1:30:24]}
2. d4 
    {[%clk 1:31:20]}
2. ... d5 
    {[%clk 1:30:32]}
3. Nc3 
    {[%clk 1:31:34]}
3. ... dxe4 
    {[%clk 1:30:46]}
4. Nxe4 
    {[%clk 1:31:59]}
4. ... Bf5 
    {[%clk 1:30:36]}
5. Ng3 
    {[%clk 1:31:56]}
5. ... Bg6 
    {[%clk 1:30:55]}
6. h4 
    {[%clk 1:31:29]}
6. ... h6 
    {[%clk 1:31:12]}
7. Nf3 
    {[%clk 1:31:54]}
7. ... Nd7 
    {[%clk 1:31:34]}
8. h5 
    {[%clk 1:32:15]}
8. ... Bh7 
    {[%clk 1:31:53]}
9. Bd3 
    {[%clk 1:32:42]}
9. ... Bxd3 
    {[%clk 1:32:13]}
10. Qxd3 
    {[%clk 1:33:08]}
10. ... e6 
    {[%clk 1:32:37]}
11. Bd2 
    {[%clk 1:33:17]}
11. ... Ngf6 
    {[%clk 1:33:00]}
12. O-O-O 
    {[%clk 1:33:37]}
12. ... Be7 
    {[%clk 1:33:19]}
13. Ne4 
    {[%clk 1:33:37]}
13. ... Nxe4 
    {[%clk 1:33:15]}
14. Qxe4 
    {[%clk 1:34:03]}
14. ... Nf6 
    {[%clk 1:33:33]}
15. Qe2 
    {[%clk 1:30:03]}
15. ... Qd5 
    {[%clk 1:33:53]}
16. c4 
    {[%clk 1:28:56]}
16. ... Qe4 
    {[%clk 1:34:15]}
17. Rde1 
    {[%clk 1:19:31]}
17. ... Qxe2 
    {[%clk 1:12:34]}
18. Rxe2 
    {[%clk 1:19:40]}
18. ... O-O 
    {[%clk 1:11:00]}
19. Ne5 
    {[%clk 1:08:26]}
19. ... Rfd8 
    {[%clk 1:01:01]}
20. Be3 
    {[%clk 1:07:33]}
20. ... Rac8 
    {[%clk 0:57:31]}
21. g4 
    {[%clk 0:56:18]}
21. ... c5 
    {[%clk 0:56:33]}
22. dxc5 
    {[%clk 0:52:13]}
22. ... Bxc5 
    {[%clk 0:56:56]}
23. Bxc5 
    {[%clk 0:37:44]}
23. ... Rxc5 
    {[%clk 0:57:22]}
24. b4 
    {[%clk 0:37:33]}
24. ... Rcc8 
    {[%clk 0:57:36]}
25. Rd1 
    {[%clk 0:37:30]}
25. ... Nd5 1/2-1/2

[Event "N1 Reykjavik Open 2014"]
[Site "Reykjavik, Iceland"]
[Date "2014.03.10"]
[Round "8.5"]
[White "L'Ami, Erwin"]
[Black "Elsness, Frode"]
[Result "1/2-1/2"]
[WhiteElo "2646"]
[BlackElo "2479"]
[LiveChessVersion "1.4.2"]

1. d4 
    {[%clk 1:30:57]}
1. ... d5 
    {[%clk 1:30:57]}
2. c4 
    {[%clk 1:31:15]}
2. ... c6 
    {[%clk 1:31:23]}
3. Nc3 
    {[%clk 1:31:27]}
3. ... Nf6 
    {[%clk 1:31:44]}
4. Nf3 
    {[%clk 1:31:47]}
4. ... a6 
    {[%clk 1:32:02]}
5. e3 
    {[%clk 1:27:10]}
5. ... b5 
    {[%clk 1:30:30]}
6. b3 
    {[%clk 1:26:41]}
6. ... Bg4 
    {[%clk 1:30:36]}
7. Bd2 
    {[%clk 1:24:33]}
7. ... e6 
    {[%clk 1:30:18]}
8. h3 
    {[%clk 1:24:20]}
8. ... Bxf3 
    {[%clk 1:30:18]}
9. Qxf3 
    {[%clk 1:24:42]}
9. ... Bb4 
    {[%clk 1:30:02]}
10. Bd3 
    {[%clk 1:23:34]}
10. ... Qa5 
    {[%clk 1:29:51]}
11. Rc1 
    {[%clk 1:23:52]}
11. ... Bxc3 
    {[%clk 1:29:45]}
12. Rxc3 
    {[%clk 1:18:12]}
12. ... Qxa2 
    {[%clk 1:25:23]}
13. Qd1 
    {[%clk 1:16:42]}
13. ... O-O 
    {[%clk 1:04:32]}
14. cxd5 
    {[%clk 0:59:59]}
14. ... exd5 
    {[%clk 0:51:53]}
15. O-O 
    {[%clk 0:49:59]}
15. ... Qa3 
    {[%clk 0:44:03]}
16. Qe1 
    {[%clk 0:31:30]}
16. ... a5 
    {[%clk 0:35:55]}
17. Qa1 
    {[%clk 0:26:06]}
17. ... Qd6 
    {[%clk 0:30:08]}
18. Rc2 
    {[%clk 0:24:38]}
18. ... a4 
    {[%clk 0:25:05]}
19. Ra2 
    {[%clk 0:24:38]}
19. ... a3 
    {[%clk 0:24:43]}
20. Qe1 
    {[%clk 0:20:17]}
20. ... Na6 
    {[%clk 0:21:41]}
21. Ba5 
    {[%clk 0:18:35]}
21. ... Rfb8 
    {[%clk 0:16:43]}
22. b4 
    {[%clk 0:17:56]}
22. ... Qd7 
    {[%clk 0:15:34]}
23. Rxa3 
    {[%clk 0:18:03]}
23. ... Ne8 
    {[%clk 0:14:43]}
24. Qc3 
    {[%clk 0:12:58]}
24. ... Nd6 
    {[%clk 0:14:27]}
25. Rfa1 
    {[%clk 0:13:17]}
25. ... Nc4 
    {[%clk 0:12:50]}
26. R3a2 
    {[%clk 0:13:40]}
26. ... Qd6 
    {[%clk 0:09:30]}
27. e4 
    {[%clk 0:09:40]}
27. ... dxe4 
    {[%clk 0:09:41]}
28. Bxe4 
    {[%clk 0:09:26]}
28. ... Re8 
    {[%clk 0:05:19]}
29. Bd3 
    {[%clk 0:08:26]}
29. ... Qd5 
    {[%clk 0:04:48]}
30. Rc2 
    {[%clk 0:07:40]}
30. ... Reb8 
    {[%clk 0:03:25]}
31. Bf1 
    {[%clk 0:04:53]}
31. ... h6 
    {[%clk 0:03:37]}
32. Bxc4 
    {[%clk 0:02:49]}
32. ... bxc4 
    {[%clk 0:03:34]}
33. Rb1 
    {[%clk 0:03:02]}
33. ... Rb5 
    {[%clk 0:03:23]}
34. Qxc4 
    {[%clk 0:03:13]}
34. ... Rab8 
    {[%clk 0:02:32]}
35. Rd1 
    {[%clk 0:02:37]}
35. ... Nxb4 
    {[%clk 0:01:13]}
36. Bxb4 
    {[%clk 0:03:01]}
36. ... Rxb4 
    {[%clk 0:01:15]}
37. Qxc6 
    {[%clk 0:03:28]}
37. ... Rd8 
    {[%clk 0:01:05]}
38. Qxd5 
    {[%clk 0:03:22]}
38. ... Rxd5 
    {[%clk 0:01:34]}
39. Rcd2 
    {[%clk 0:03:41]}
39. ... h5 
    {[%clk 0:01:04]}
40. h4 
    {[%clk 0:32:33]}
40. ... Kh7 
    {[%clk 0:30:49]}
41. f3 
    {[%clk 0:28:54]}
41. ... Kg6 
    {[%clk 0:30:11]}
42. Kf2 
    {[%clk 0:28:58]}
42. ... Kf5 
    {[%clk 0:30:30]}
43. Ke3 
    {[%clk 0:28:25]}
43. ... f6 
    {[%clk 0:30:08]}
44. Rc1 
    {[%clk 0:25:29]}
44. ... g5 
    {[%clk 0:28:37]}
45. hxg5 
    {[%clk 0:24:43]}
45. ... fxg5 
    {[%clk 0:29:03]}
46. Rc8 
    {[%clk 0:24:39]}
46. ... Rb3+ 
    {[%clk 0:25:24]}
47. Rd3 
    {[%clk 0:24:24]}
47. ... Rb2 
    {[%clk 0:24:32]}
48. g4+ 
    {[%clk 0:23:56]}
48. ... hxg4 
    {[%clk 0:24:43]}
49. Rf8+ 
    {[%clk 0:23:46]}
49. ... Ke6 
    {[%clk 0:21:35]}
50. fxg4 
    {[%clk 0:23:39]}
50. ... Rg2 
    {[%clk 0:21:17]}
51. Kf3 
    {[%clk 0:23:26]}
51. ... Rg1 
    {[%clk 0:20:08]}
52. Re3+ 
    {[%clk 0:17:01]}
52. ... Kd7 
    {[%clk 0:20:23]}
53. Rf7+ 
    {[%clk 0:16:28]}
53. ... Kd6 
    {[%clk 0:19:13]}
54. Rf6+ 
    {[%clk 0:16:40]}
54. ... Kd7 
    {[%clk 0:18:51]}
55. Ke4 
    {[%clk 0:16:29]}
55. ... Ra5 
    {[%clk 0:18:12]}
56. d5 
    {[%clk 0:16:39]}
56. ... Rxg4+ 
    {[%clk 0:16:46]}
57. Ke5 
    {[%clk 0:17:04]}
57. ... Rf4 
    {[%clk 0:16:23]}
58. Rd6+ 
    {[%clk 0:16:31]}
58. ... Ke7 
    {[%clk 0:16:39]}
59. Re6+ 
    {[%clk 0:16:55]}
59. ... Kf7 
    {[%clk 0:11:57]}
60. Rh3 
    {[%clk 0:13:11]}
60. ... Rf1 
    {[%clk 0:09:24]}
61. Rh7+ 
    {[%clk 0:12:33]}
61. ... Kg8 
    {[%clk 0:09:53]}
62. Rd7 
    {[%clk 0:12:02]}
62. ... Rf7 
    {[%clk 0:08:53]}
63. Rg6+ 
    {[%clk 0:10:38]}
63. ... Kh7 
    {[%clk 0:08:23]}
64. Rdd6 
    {[%clk 0:10:58]}
64. ... Rf1 
    {[%clk 0:06:11]}
65. Rxg5 
    {[%clk 0:10:50]}
65. ... Ra8 
    {[%clk 0:05:25]}
66. Rd7+ 
    {[%clk 0:09:48]}
66. ... Kh6 
    {[%clk 0:05:37]}
67. Rg4 
    {[%clk 0:08:06]}
67. ... Re1+ 
    {[%clk 0:05:45]}
68. Kd6 
    {[%clk 0:08:30]}
68. ... Ra6+ 
    {[%clk 0:05:00]}
69. Kc5 
    {[%clk 0:08:39]}
69. ... Ra5+ 
    {[%clk 0:05:27]}
70. Kb6 
    {[%clk 0:08:07]}
70. ... Rea1 
    {[%clk 0:05:50]}
71. Rd8 
    {[%clk 0:06:20]}
71. ... Ra6+ 
    {[%clk 0:04:37]}
72. Kc7 
    {[%clk 0:06:16]}
72. ... Ra7+ 
    {[%clk 0:04:47]}
73. Kc8 
    {[%clk 0:06:29]}
73. ... Ra8+ 
    {[%clk 0:04:37]}
74. Kd7 
    {[%clk 0:06:54]}
74. ... Rxd8+ 
    {[%clk 0:04:34]}
75. Kxd8 
    {[%clk 0:06:42]}
75. ... Rd1 
    {[%clk 0:04:59]}
76. d6 
    {[%clk 0:07:11]}
1/2-1/2

[Event "N1 Reykjavik Open 2014"]
[Site "Reykjavik, Iceland"]
[Date "2014.03.10"]
[Round "8.6"]
[White "Cawdery, Daniel"]
[Black "Van Kampen, Robin"]
[Result "0-1"]
[WhiteElo "2362"]
[BlackElo "2603"]
[LiveChessVersion "1.4.2"]

1. e4 
    {[%clk 1:30:58]}
1. ... c5 
    {[%clk 1:30:51]}
2. Nf3 
    {[%clk 1:31:20]}
2. ... d6 
    {[%clk 1:31:17]}
3. d4 
    {[%clk 1:31:19]}
3. ... Nf6 
    {[%clk 1:31:40]}
4. Nc3 
    {[%clk 1:31:15]}
4. ... cxd4 
    {[%clk 1:32:03]}
5. Qxd4 
    {[%clk 1:31:18]}
5. ... Bd7 
    {[%clk 1:29:16]}
6. Bg5 
    {[%clk 1:26:22]}
6. ... Nc6 
    {[%clk 1:28:38]}
7. Qd2 
    {[%clk 1:26:00]}
7. ... h6 
    {[%clk 1:18:16]}
8. Be3 
    {[%clk 1:07:27]}
8. ... e6 
    {[%clk 1:03:39]}
9. h3 
    {[%clk 1:04:33]}
9. ... Be7 
    {[%clk 1:03:40]}
10. g4 
    {[%clk 0:57:48]}
10. ... Rc8 
    {[%clk 1:02:23]}
11. Bd3 
    {[%clk 0:46:31]}
11. ... a6 
    {[%clk 0:54:50]}
12. O-O 
    {[%clk 0:26:09]}
12. ... Qa5 
    {[%clk 0:50:55]}
13. a3 
    {[%clk 0:24:28]}
13. ... g5 
    {[%clk 0:45:50]}
14. Ne2 
    {[%clk 0:21:19]}
14. ... Qxd2 
    {[%clk 0:43:02]}
15. Bxd2 
    {[%clk 0:19:46]}
15. ... h5 
    {[%clk 0:41:48]}
16. Bxg5 
    {[%clk 0:16:44]}
16. ... hxg4 
    {[%clk 0:41:50]}
17. hxg4 
    {[%clk 0:16:45]}
17. ... Nxg4 
    {[%clk 0:41:30]}
18. Ng3 
    {[%clk 0:16:14]}
18. ... Nh2 
    {[%clk 0:34:08]}
19. Nxh2 
    {[%clk 0:15:38]}
19. ... Bxg5 
    {[%clk 0:34:32]}
20. Nf3 
    {[%clk 0:15:32]}
20. ... Bf6 
    {[%clk 0:34:15]}
21. c3 
    {[%clk 0:16:02]}
21. ... Ne7 
    {[%clk 0:33:15]}
22. Nh2 
    {[%clk 0:14:45]}
22. ... Ng6 
    {[%clk 0:32:38]}
23. Ng4 
    {[%clk 0:12:41]}
0-1

[Event "N1 Reykjavik Open 2014"]
[Site "Reykjavik, Iceland"]
[Date "2014.03.10"]
[Round "8.7"]
[White "Hansen, Eric"]
[Black "Bekker-Jensen, Simon"]
[Result "1-0"]
[WhiteElo "2587"]
[BlackElo "2418"]
[LiveChessVersion "1.4.2"]

1. e4 
    {[%clk 1:25:15]}
1. ... e5 
    {[%clk 1:30:42]}
2. Nf3 
    {[%clk 1:25:37]}
2. ... Nc6 
    {[%clk 1:30:59]}
3. Bb5 
    {[%clk 1:24:33]}
3. ... a6 
    {[%clk 1:30:42]}
4. Ba4 
    {[%clk 1:24:54]}
4. ... Nf6 
    {[%clk 1:31:27]}
5. d3 
    {[%clk 1:22:51]}
5. ... d6 
    {[%clk 1:31:14]}
6. c4 
    {[%clk 1:22:01]}
6. ... Be7 
    {[%clk 1:30:17]}
7. h3 
    {[%clk 1:21:31]}
7. ... Nd7 
    {[%clk 1:26:48]}
8. Be3 
    {[%clk 1:20:56]}
8. ... Bf6 
    {[%clk 1:26:38]}
9. Nc3 
    {[%clk 1:20:09]}
9. ... Nd4 
    {[%clk 1:24:05]}
10. Nd5 
    {[%clk 1:19:40]}
10. ... Nxf3+ 
    {[%clk 1:17:08]}
11. Qxf3 
    {[%clk 1:18:56]}
11. ... c6 
    {[%clk 1:17:23]}
12. Nxf6+ 
    {[%clk 1:18:58]}
12. ... Qxf6 
    {[%clk 1:17:34]}
13. Qxf6 
    {[%clk 1:17:28]}
13. ... Nxf6 
    {[%clk 1:16:57]}
14. Bc2 
    {[%clk 1:05:21]}
14. ... d5 
    {[%clk 1:09:37]}
15. exd5 
    {[%clk 0:59:01]}
15. ... cxd5 
    {[%clk 1:09:50]}
16. O-O 
    {[%clk 0:59:23]}
16. ... O-O 
    {[%clk 0:59:32]}
17. f4 
    {[%clk 0:50:49]}
17. ... exf4 
    {[%clk 0:59:35]}
18. Rxf4 
    {[%clk 0:50:11]}
18. ... Be6 
    {[%clk 0:53:38]}
19. c5 
    {[%clk 0:39:31]}
19. ... Rac8 
    {[%clk 0:52:21]}
20. b4 
    {[%clk 0:17:27]}
20. ... Rfd8 
    {[%clk 0:44:23]}
21. a4 
    {[%clk 0:17:20]}
21. ... d4 
    {[%clk 0:43:51]}
22. Rxd4 
    {[%clk 0:16:07]}
22. ... Nd5 
    {[%clk 0:43:14]}
23. Bg5 
    {[%clk 0:15:54]}
23. ... f6 
    {[%clk 0:41:48]}
24. Bd2 
    {[%clk 0:15:19]}
24. ... a5 
    {[%clk 0:40:11]}
25. Re1 
    {[%clk 0:11:16]}
25. ... Bf7 
    {[%clk 0:38:30]}
26. bxa5 
    {[%clk 0:11:43]}
26. ... Rxc5 
    {[%clk 0:35:53]}
27. Bd1 
    {[%clk 0:11:25]}
27. ... Rdc8 
    {[%clk 0:35:36]}
28. Bf3 
    {[%clk 0:11:39]}
28. ... Rc2 
    {[%clk 0:29:50]}
29. Rxd5 
    {[%clk 0:12:04]}
29. ... Rxd2 
    {[%clk 0:29:38]}
30. Rd7 
    {[%clk 0:12:16]}
30. ... Be8 
    {[%clk 0:29:55]}
31. Rxb7 
    {[%clk 0:12:07]}
31. ... Bxa4 32. a6 1-0